| 000 | 00512nam a22001937a 4500 | ||
|---|---|---|---|
| 003 | OSt | ||
| 005 | 20180116183057.0 | ||
| 008 | 161024b xxu||||| |||| 00| 0 eng d | ||
| 020 | _a0 | ||
| 040 | _c0 | ||
| 082 | _a309.15204 VOG 1983 | ||
| 100 | _aVogel,Ezra F. | ||
| 245 |
_aJapan As Number One : _bLessons for America _cEzra F.Vogel |
||
| 260 |
_aLahore _bNational Book Foundation _c1983 |
||
| 300 |
_a272p. _bHB. |
||
| 440 | _aJapan As Number One : Lessons for America | ||
| 500 | _aHB | ||
| 942 |
_2ddc _cBK |
||
| 999 |
_c351871 _d351871 |
||